00707cam a2200217 450000100060000000300080000600500170001400800410003103500190007204000270009104100080011808200220012610000470014824500770019526000470027230000260031935000250034550400510037065000210042165100470044226180BD-RjUL20211209051000.0140320s1972 ii b 001 0 eng d a(BD-RjUL)26250 aDLCcDLCdBD-RjULbeng aeng a954.08bMAM 19721 aMathur, Y. B.q(Yaduvansh Bahadur),d1929-10aMuslims and changing India /c[by] Y. B. Mathur. Foreword by Tara Chand. aNew Delhi :bTrimurti Publications,c1972. axiv, 295 p. ;c23 cm. aRs35.00 ($9.00 U.S.) aIncludes bibliographical references and index. 0aMuslims zIndia. 0aIndiaxPolitics and governmenty1765-1947.